000 00827nam a22002417i 4500
003 URS
005 20220117094913.0
008 170525b xxu||||| |||| 00| 0 eng d
020 _a---
040 _erda
_cCollege
_beng
050 0 0 _aPL6141
_bSa997 19--
100 1 _aEdited by Teresita P. Capili-Sayo,
_eauthor
245 1 0 _aPanitikan at Kalayaan : Teksto sa Panitikang Pilipino /
_cPhilippine Literature -- History and Criticism.
264 1 _aManila:
_bPolytechnic University of the Philippines
_c19--
300 _a[xii], 325 pages;
_c22 cm.
336 _2rdacontent
_atext
337 _2rdamedia
_aunmediated
338 _2rdacarrier
_avolume
504 _aIncludes appendix and glossary
650 _aPhilippine Literature -- History and Criticism.
700 _aEdited by Teresita P. Capili-Sayo
942 _2lcc
_cF
999 _c11867
_d11867